000 00676nam a2200217Ia 4500
005 20230504102120.0
008 210716s2007 xx 000 0 und d
020 _a9788126518845
040 _cAIMIT LIBRARY
041 _aeng
082 _a658.162
_24
_bGAUP
100 _aGaughan, Patrick A.
_997468
245 _aMergers acquisitions and corporate restructurings /
_cBy Patrick A Gaughan.
250 _a4th ed.
260 _aNew Delhi ;
_bWiley India Pvt Ltd ,
_c2007.
300 _axii,621p. ;
_bPB
_c22 cm
650 _aHistory of mergers
_997469
650 _aLegal framework
_997470
650 _aCorporate governance
_997471
942 _2ddc
_cBK
_e4th
_k658.162 GAUP
999 _c203593
_d203593